Southville International School and Colleges
Your cart is empty.
  • Cart
  • Lists
    Public lists Eva Luna New books Lux_list list_1
    Your lists Log in to create your own lists
  • Log in to your account
  • Your cookies
  • Search history
Southville International School and Colleges
  • Advanced search
  • Recent comments
  • Most popular
  • Libraries

Log in to your account

Log in with GOOGLE


If you do not have an external account, but do have a local account, you can still log in:

  1. Home
  2. MARC view: IT auditing :
Normal view MARC view ISBD view

IT auditing : (Record no. 25781)

[ view plain ]
MARC details
000 -LEADER
fixed length control field 00795nam a22002537a 4500
005 - DATE AND TIME OF LATEST TRANSACTION
control field 20140310183639.0
008 - FIXED-LENGTH DATA ELEMENTS--GENERAL INFORMATION
fixed length control field 131214b xxu||||| |||| 00| 0 eng d
020 ## - INTERNATIONAL STANDARD BOOK NUMBER
International Standard Book Number 9780071742382
050 ## - LIBRARY OF CONGRESS CALL NUMBER
Classification number QA 76.9.A93
Item number .D261 2011
100 ## - MAIN ENTRY--PERSONAL NAME
Personal name Davis, Chris.
245 ## - TITLE STATEMENT
Title IT auditing :
Remainder of title using controls to protect information assets /
Statement of responsibility, etc Chris Davis, Mike Schiller, Kevin Wheeler.
250 ## - EDITION STATEMENT
Edition statement 2nd ed.
260 ## - PUBLICATION, DISTRIBUTION, ETC. (IMPRINT)
Place of publication, distribution, etc New York :
Name of publisher, distributor, etc McGraw-Hill,
Date of publication, distribution, etc 2011.
300 ## - PHYSICAL DESCRIPTION
Extent xxix, 480 p. :
Other physical details ill. ;
Dimensions 24 cm.
504 ## - BIBLIOGRAPHY, ETC. NOTE
Bibliography, etc Includes Index.
521 ## - TARGET AUDIENCE NOTE
Target audience note
650 ## - SUBJECT ADDED ENTRY--TOPICAL TERM
Topical term or geographic name as entry element Electronic data processing
General subdivision Auditing.
650 ## - SUBJECT ADDED ENTRY--TOPICAL TERM
Topical term or geographic name as entry element Information audits.
650 ## - SUBJECT ADDED ENTRY--TOPICAL TERM
Topical term or geographic name as entry element Computer security.
700 ## - ADDED ENTRY--PERSONAL NAME
Personal name Schiller, Mike.
Relator term author
700 ## - ADDED ENTRY--PERSONAL NAME
Personal name Wheeler, Kevin.
Relator term author.
942 ## - ADDED ENTRY ELEMENTS (KOHA)
Source of classification or shelving scheme Library of Congress Classification
Koha item type Books
Call number prefix Foreign
Holdings
Withdrawn status Lost status Source of classification or shelving scheme Damaged status Home library Current library Shelving location Date acquired Source of acquisition Total Checkouts Full call number Barcode Date last seen Copy number Price effective from Koha item type
    Library of Congress Classification   College Library College Library Graduate Section 12/14/2013 Donation   QA 76.9.A93 .D261 2011 C17234 05/15/2018 1 12/14/2013 Books

IT auditing :

APA

Davis C., Schiller M. & Wheeler K. (2011). IT auditing. New York: McGraw-Hill.

Chicago

Davis Chris, Schiller Mike and Wheeler Kevin. 2011. IT auditing. New York: McGraw-Hill.

Harvard

Davis C., Schiller M. and Wheeler K. (2011). IT auditing. New York: McGraw-Hill.

MLA

Davis Chris, Schiller Mike and Wheeler Kevin. IT auditing. New York: McGraw-Hill. 2011.

  • Place hold
  • Print
  • Cite
  • Add to your cart (remove)
  • Save record
    BIBTEX Dublin Core MARCXML MARC (non-Unicode/MARC-8) MARC (Unicode/UTF-8) MARC (Unicode/UTF-8, Standard) MODS (XML) RIS
  • More searches
    Search for this title in:
    Other Libraries (WorldCat) Other Databases (Google Scholar) Online Stores (Bookfinder.com) Open Library (openlibrary.org)

Exporting to Dublin Core...

SOUTHVILLE LIBRARY

Southville International School and Colleges Library

1281 Tropical Ave. Cor. Luxembourg St., BF Homes International, Las Pinas City

Tel. No. 8256374 / 252358 Loc. 117/146

Powered by Koha